Communicative english / (Record no. 170757)

MARC details
000 -LEADER
fixed length control field 00605nam a2200193 4500
005 - DATE AND TIME OF LATEST TRANSACTION
control field 20191224150143.0
010 ## - LCCN (DPL NO)
LC control number ENG-127235
020 ## - INTERNATIONAL STANDARD BOOK NUMBER
International Standard Book Number 9789386725554
Terms of availability 700.00
035 ## - SYSTEM CONTROL NUMBER
System control number EN-110767
037 ## - SOURCE OF ACQUISITION
Source of stock number/acquisition DBAD/PUB
082 ## - DEWEY DECIMAL CLASSIFICATION NUMBER
Classification number 480
100 ## - MAIN ENTRY--PERSONAL NAME
Personal name Dinakar, P.
245 ## - TITLE STATEMENT
Title Communicative english /
Statement of responsibility, etc by P.Dinakar
260 ## - PUBLICATION, DISTRIBUTION, ETC. (IMPRINT)
Place of publication, distribution, etc Hyderabad
Name of publisher, distributor, etc Neelkamal Publicartions
Date of publication, distribution, etc 2018
270 ## - ADDRESS
Address 4764/1, 23, Ansari Road, Daryaganj
City New Delhi
Postal code 110002
Electronic mail address neelkamal@books.com
300 ## - PHYSICAL DESCRIPTION
Extent xiv;193p.
Dimensions 24cm(Hb)
500 ## - GENERAL NOTE
General note Includes bibliographical references and index
942 ## - ADDED ENTRY ELEMENTS (KOHA)
Source of classification or shelving scheme Dewey Decimal Classification
Item type English Books
Classification part 480
Call number suffix DIN
Holdings
Withdrawn status Lost status Not for loan Collection code Home library Current library Date acquired Source of acquisition Cost, normal purchase price Full call number Barcode Copy number Cost, replacement price Koha item type
      Non-fiction Ashok Vihar Ashok Vihar 24/12/2019 DBAD/PUB 700.00 480 DIN EN-110767 1 700.00 English Books

© Delhi Public Library
Hit Counter
free hit counter